000 008580000a22002170004500
003 LK-CoMWRAF
005 20240331115348.0
008 230817t1998 ||||| |||| 00| 0 eng d
040 _aLK-CoMWRAF
_dLK-CoMWRAF
_eLK-CoMWRAF
041 _atam
082 _a894.811
_bSIV
100 _aசிவகுமாரன், கே.எஸ்.
_vSivakumaran, K.S
245 _aஈழத்துச் சிறுகதைத் தொகுப்புகள்:
_bதிறனாய்வு
246 _aEelathuch Chirukathaith Thohupuhal: thiranaaivu
246 _aSri Lankan short story collections: critical insights
260 _aColombo:
_bAuthor,
_c1998
300 _a154 p.
490 _aபத்தி எழுத்துக்களும் பல் திரட்டுக்களும்
_v3
650 _aLITERARY CRITICISM
942 _cBK
999 _c2724
_d2724